[Event "FRA-chT2 0910"]
[Site "France"]
[Date "2009.10.17"]
[Round "2.7"]
[White "Cwiek, Perrine"]
[Black "Fortuit, Nicolas"]
[Result "0-1"]
[WhiteElo "1824"]
[BlackElo "2116"]
[PlyCount "118"]
[EventDate "2009.09.27"]
[EventType "team-tourn"]
[EventRounds "11"]
[EventCountry "FRA"]
[SourceTitle "EXT 2011"]
[Source "ChessBase"]
[SourceDate "2010.11.26"]
[SourceVersion "1"]
[SourceVersionDate "2010.11.26"]
[SourceQuality "1"]

1. e4 c5 2. Nf3 Nc6 3. Bb5 g6 4. 0-0 Bg7 5. c3 e5 6. d3 Nge7 7. Be3 d6 8. d4 exd4 9. cxd4 0-0 10. Nc3 b6 11. h3 Na5 12. Qc2 a6 13. Be2 f5 14. Rad1 c4 15. Bg5 h6 16. Bxe7 Qxe7 17. Nd5 Qxe4 18. Qxe4 fxe4 19. Nd2 b5 20. Nxe4 Bb7 21. Nec3 Nc6 22. Nc7 Nxd4 23. Nxa8 Bxa8 24. Rfe1 d5 25. Bg4 b4 26. Ne2 Nc2 27. Rf1 Bxb2 28. Be6+ Kg7 29. Bxd5 Bxd5 30. Rxd5 c3 31. Nc1 Rf5 32. Rxf5 gxf5 33. Rd1 a5 34. Nd3 Na3 35. Ne1 a4 36. Rd7+ Kf6 37. Rb7 c2 38. Nd3 Bc3 39. Kf1 Nc4 40. Rc7 b3 41. axb3 axb3 42. Rc6+ Ke7 43. Rxc4 b2 44. Rxc3 b1Q+ 45. Ke2 Qd1+ 46. Ke3 f4+ 47. Kd4 Qd2 48. Kc4 Kf6 49. Kb3 Qxd3 50. Rxd3 c1Q 51. Rf3 Ke5 52. Rd3 Qf1 53. Rc3 Qxf2 54. Rc2 Qg3+ 55. Kb2 Kd4 56. Rd2+ Kc4 57. Rc2+ Kb4 58. Kc1 Qe1+ 59. Kb2 Qd1 0-1

[Event "FRA-chT2 South 0809"]
[Site "France"]
[Date "2009.03.14"]
[Round "8.7"]
[White "Herrero, Alain"]
[Black "Fortuit, Nicolas"]
[Result "0-1"]
[WhiteElo "1777"]
[BlackElo "2099"]
[PlyCount "100"]
[EventDate "2008.10.12"]
[EventType "tourn"]
[EventRounds "11"]
[EventCountry "FRA"]
[SourceTitle "EXT 2010"]
[Source "ChessBase"]
[SourceDate "2010.11.25"]
[SourceVersion "1"]
[SourceVersionDate "2010.11.25"]
[SourceQuality "1"]
[WhiteTeam "Saint Affrique"]
[BlackTeam "Marseille Echecs II"]
[WhiteTeamCountry "FRA"]
[BlackTeamCountry "FRA"]

1. d4 Nf6 2. c4 e6 3. Nc3 Bb4 4. e3 d5 5. a3 Bxc3+ 6. bxc3 c5 7. Nf3 Nc6 8. Bd3 dxc4 9. Bxc4 Qa5 10. Bd2 0-0 11. 0-0 Qc7 12. Qe2 e5 13. dxe5 Nxe5 14. Nxe5 Qxe5 15. f3 Rd8 16. e4 Bd7 17. Be3 b6 18. Rfc1 Bc6 19. a4 Rab8 20. Bb5 Bb7 21. a5 Nh5 22. axb6 axb6 23. Ra7 Nf4 24. Qc2 Ne6 25. Bc4 Nc7 26. Rb1 Bc6 27. g3 g5 28. Qb3 Rd7 29. Be2 Kg7 30. Qb2 Ne6 31. Rxd7 Bxd7 32. c4 Kf6 33. f4 gxf4 34. gxf4 Qxb2 35. Rxb2 Bc6 36. e5+ Kf5 37. Bd3+ Be4 38. Be2 Nxf4 39. Bxf4 Kxf4 40. Bh5 Kxe5 41. Bxf7 Kd4 42. h4 Bd3 43. Rg2 Rb7 44. Bd5 Re7 45. Rg4+ Ke3 46. Rg3+ Kd2 47. h5 Re1+ 48. Kf2 Rf1+ 49. Kg2 Rf5 50. h6 Rh5 0-1

[Event "FRA-chT2 South 0809"]
[Site "France"]
[Date "2008.11.23"]
[Round "3.5"]
[White "Fortuit, Nicolas"]
[Black "Guerin, Gilles"]
[Result "1-0"]
[WhiteElo "2099"]
[BlackElo "2220"]
[PlyCount "73"]
[EventDate "2008.10.12"]
[EventType "tourn"]
[EventRounds "11"]
[EventCountry "FRA"]
[SourceTitle "EXT 2010"]
[Source "ChessBase"]
[SourceDate "2010.11.25"]
[SourceVersion "1"]
[SourceVersionDate "2010.11.25"]
[SourceQuality "1"]
[WhiteTeam "Marseille Echecs II"]
[BlackTeam "Montpellier Diagonale"]
[WhiteTeamCountry "FRA"]
[BlackTeamCountry "FRA"]

1. e4 d6 2. d4 Nf6 3. Nc3 Nbd7 4. Nge2 e5 5. f3 c6 6. Be3 Qc7 7. Qd2 b5 8. g4 b4 9. Na4 Nb6 10. Nxb6 axb6 11. Ng3 Be6 12. g5 exd4 13. Bxd4 Nd7 14. Qxb4 d5 15. Qc3 Ra4 16. Qd2 c5 17. Be3 d4 18. Bf4 Qa7 19. a3 c4 20. Qxd4 c3 21. Qxc3 Bb4 22. axb4 Rxa1+ 23. Kf2 0-0 24. Bd6 Re8 25. Nh5 f6 26. gxf6 b5+ 27. Bc5 Nxc5 28. bxc5 b4 29. Qd4 Bf7 30. Nxg7 Rc8 31. Rg1 Kh8 32. Rg5 h6 33. Re5 Qc7 34. Nf5 Rg8 35. Nxh6 Rg6 36. Nxf7+ Qxf7 37. Rh5+ 1-0

[Event "FRA-chT2 South 0809"]
[Site "France"]
[Date "2008.11.22"]
[Round "2.5"]
[White "Zaninetti, Laurent"]
[Black "Fortuit, Nicolas"]
[Result "1-0"]
[WhiteElo "1991"]
[BlackElo "2099"]
[PlyCount "87"]
[EventDate "2008.10.12"]
[EventType "tourn"]
[EventRounds "11"]
[EventCountry "FRA"]
[SourceTitle "EXT 2010"]
[Source "ChessBase"]
[SourceDate "2010.11.25"]
[SourceVersion "1"]
[SourceVersionDate "2010.11.25"]
[SourceQuality "1"]
[WhiteTeam "Agen"]
[BlackTeam "Marseille Echecs II"]
[WhiteTeamCountry "FRA"]
[BlackTeamCountry "FRA"]

1. c4 c5 2. g3 Nc6 3. Bg2 g6 4. Nc3 Bg7 5. a3 h5 6. h4 d6 7. d3 Nh6 8. Rb1 Bd7 9. Bd2 Rc8 10. b4 b6 11. Nh3 0-0 12. 0-0 Ng4 13. bxc5 dxc5 14. Ng5 Nd4 15. Nf3 Bc6 16. Nxd4 Bxg2 17. Kxg2 Qxd4 18. Nd5 Qe5 19. Bc3 Qd6 20. Bxg7 Kxg7 21. Qd2 e6 22. Qb2+ f6 23. Nc3 Rf7 24. Ne4 Qc6 25. Kg1 Rd8 26. Qb5 Qc7 27. a4 f5 28. Qb2+ e5 29. Ng5 Rf6 30. a5 Kh6 31. axb6 axb6 32. Qd2 f4 33. Ra1 Kg7 34. Ra6 fxg3 35. f3 Nf2 36. Rfa1 Qd6 37. Ra7+ Rd7 38. Qe3 Rf5 39. Kg2 Rxa7 40. Rxa7+ Kg8 41. Kxg3 Nd1 42. Qd2 e4+ 43. Kg2 Qf4 44. Ra8+ 1-0

[Event "FRA-chT2 North 0607"]
[Site "France"]
[Date "2007.03.18"]
[Round "9.5"]
[White "Fortuit, Nicolas"]
[Black "Yacob, Francois"]
[Result "1-0"]
[WhiteElo "2066"]
[BlackElo "2166"]
[PlyCount "93"]
[EventDate "2006.10.15"]
[EventType "team-tourn"]
[EventRounds "11"]
[EventCountry "FRA"]
[SourceTitle "EXT 2008"]
[Source "ChessBase"]
[SourceDate "2007.11.25"]
[SourceVersion "1"]
[SourceVersionDate "2007.11.25"]
[SourceQuality "1"]
[WhiteTeam "Evry Grand Roque III"]
[BlackTeam "Cergy Pontoise"]
[WhiteTeamCountry "FRA"]
[BlackTeamCountry "FRA"]

1. e4 c5 2. Nf3 e6 3. Nc3 Nc6 4. d4 cxd4 5. Nxd4 Nf6 6. Nxc6 bxc6 7. e5 Nd5 8. Nxd5 cxd5 9. Bd3 Ba6 10. 0-0 Bxd3 11. Qxd3 Qc7 12. Re1 Rc8 13. c3 g6 14. Be3 Bg7 15. Bd4 0-0 16. Qe3 a6 17. Qg5 d6 18. f4 Rfe8 19. b4 Qd8 20. Qxd8 Rexd8 21. a4 Bh6 22. Rf1 dxe5 23. fxe5 Bf8 24. b5 Bc5 25. b6 a5 26. Rfb1 Bxd4+ 27. cxd4 Rc4 28. Rb5 Rb8 29. Rab1 Rxa4 30. b7 Rb4 31. R1xb4 axb4 32. Rxb4 Kf8 33. Kf2 Ke8 34. Rb3 Kd8 35. Kg3 Kc7 36. Kg4 h6 37. Rf3 Rf8 38. Rh3 h5+ 39. Kg5 Kxb7 40. Kf6 Ra8 41. Kxf7 Ra2 42. Kxe6 Rxg2 43. Kxd5 Kc7 44. Ke6 Rf2 45. d5 Kd8 46. d6 Rf8 47. Ra3 1-0

[Event "FRA-chT2 North 0607"]
[Site "France"]
[Date "2007.01.21"]
[Round "6.6"]
[White "Fortuit, Nicolas"]
[Black "Goasdoue, Vincent M"]
[Result "1-0"]
[WhiteElo "2066"]
[BlackElo "2168"]
[PlyCount "47"]
[EventDate "2006.10.15"]
[EventType "team-tourn"]
[EventRounds "11"]
[EventCountry "FRA"]
[SourceTitle "EXT 2008"]
[Source "ChessBase"]
[SourceDate "2007.11.25"]
[SourceVersion "1"]
[SourceVersionDate "2007.11.25"]
[SourceQuality "1"]
[WhiteTeam "Evry Grand Roque III"]
[BlackTeam "Arras"]
[WhiteTeamCountry "FRA"]
[BlackTeamCountry "FRA"]

1. e4 g6 2. d4 Bg7 3. Nc3 d6 4. Be3 a6 5. a4 Nd7 6. f4 Nh6 7. Be2 e5 8. h4 f5 9. fxe5 0-0 10. Qd2 Ng4 11. Bxg4 fxg4 12. exd6 cxd6 13. h5 Qf6 14. 0-0-0 Nb6 15. hxg6 Qxg6 16. Qd3 Bd7 17. a5 Nc8 18. Nge2 Ne7 19. Nf4 Qf7 20. Nh5 Bh8 21. Rdf1 Qg6 22. Nf4 Qg7 23. Qc4+ Qf7 24. Nfd5 1-0

[Event "Evry op 2nd"]
[Site "Evry"]
[Date "2006.11.05"]
[Round "7"]
[White "Fortuit, Nicolas"]
[Black "Maillard, Julien"]
[Result "1-0"]
[WhiteElo "2057"]
[BlackElo "1933"]
[PlyCount "39"]
[EventDate "2006.11.01"]
[EventType "swiss"]
[EventRounds "7"]
[EventCountry "FRA"]
[SourceTitle "EXT 2007"]
[Source "ChessBase"]
[SourceDate "2006.11.23"]
[SourceVersion "1"]
[SourceVersionDate "2006.11.23"]
[SourceQuality "1"]

1. e4 e5 2. Bc4 Bc5 3. f4 Bxg1 4. Rxg1 Qh4+ 5. Kf1 Qxf4+ 6. Qf3 Qxf3+ 7. gxf3 g6 8. Nc3 c6 9. f4 d6 10. d3 Bh3+ 11. Ke2 Nf6 12. fxe5 dxe5 13. Bg5 Nbd7 14. Rg3 Bg4+ 15. Ke3 Bh5 16. Rf1 Ke7 17. d4 exd4+ 18. Kxd4 c5+ 19. Ke3 h6 20. Nd5+ 1-0

[Event "FRA-chT2 North 0607"]
[Site "France"]
[Date "2006.10.15"]
[Round "1.7"]
[White "Fortuit, Nicolas"]
[Black "Rano, David"]
[Result "1-0"]
[WhiteElo "2057"]
[BlackElo "2188"]
[PlyCount "79"]
[EventDate "2006.10.15"]
[EventType "team-tourn"]
[EventRounds "11"]
[EventCountry "FRA"]
[SourceTitle "EXT 2008"]
[Source "ChessBase"]
[SourceDate "2007.11.25"]
[SourceVersion "1"]
[SourceVersionDate "2007.11.25"]
[SourceQuality "1"]
[WhiteTeam "Evry Grand Roque III"]
[BlackTeam "Noisy le Grand"]
[WhiteTeamCountry "FRA"]
[BlackTeamCountry "FRA"]

1. e4 e5 2. Bc4 d6 3. Nc3 Nf6 4. d3 Be7 5. h3 c6 6. Bb3 Nbd7 7. Nf3 Nc5 8. Bd2 b5 9. Qe2 a5 10. a3 Ba6 11. Nd1 Nxb3 12. cxb3 0-0 13. b4 a4 14. Ne3 Bc8 15. Rc1 Ra6 16. 0-0 Re8 17. Rfd1 Be6 18. Rc3 Bb3 19. Rdc1 Qa8 20. Nf5 Bf8 21. Bg5 Nd7 22. N3h4 f6 23. Be3 Qb7 24. Qg4 Nb8 25. d4 exd4 26. Bxd4 Kh8 27. Qh5 Bf7 28. Qf3 Nd7 29. Qg4 c5 30. bxc5 Nxc5 31. Bxc5 dxc5 32. Rxc5 Qd7 33. Rc7 Qe6 34. Rb7 g5 35. Rcc7 Bg8 36. Qh5 gxh4 37. Qxh4 Qxf5 38. exf5 Re1+ 39. Kh2 Bd6+ 40. f4 1-0

[Event "Malakoff op 5th"]
[Site "Malakoff"]
[Date "2006.04.09"]
[Round "2"]
[White "Fortuit, Nicolas"]
[Black "Toulzac, Pierre Yves"]
[Result "0-1"]
[WhiteElo "2318"]
[BlackElo "2318"]
[PlyCount "54"]
[EventDate "2006.04.08"]
[EventType "swiss"]
[EventRounds "9"]
[EventCountry "FRA"]
[SourceTitle "CBM 111 Extra"]
[Source "ChessBase"]
[SourceDate "2006.05.09"]
[SourceVersion "1"]
[SourceVersionDate "2006.05.09"]
[SourceQuality "1"]

1. e4 d6 2. d4 Nf6 3. Nc3 c6 4. f3 Qc7 5. Be3 e5 6. Qd2 b5 7. a3 Nbd7 8. Nge2 Nb6 9. b3 Be7 10. Ng3 0-0 11. Be2 a6 12. 0-0 Rd8 13. Qe1 exd4 14. Bxd4 c5 15. Bf2 d5 16. exd5 Nfxd5 17. Rd1 Be6 18. Nxd5 Nxd5 19. c4 Nf4 20. Rxd8+ Rxd8 21. cxb5 axb5 22. Bxb5 Bxb3 23. Nf5 Bf8 24. Qe3 c4 25. Bg3 Bc5 26. Bxf4 Bxe3+ 27. Bxe3 Qe5 0-1

[Event "FRA-chT2A 0506"]
[Site "France"]
[Date "2006.01.15"]
[Round "6.5"]
[White "Fortuit, Nicolas"]
[Black "Locqueneux, Olivier"]
[Result "1-0"]
[WhiteElo "2064"]
[BlackElo "1980"]
[PlyCount "107"]
[EventDate "2005.10.27"]
[EventType "team-tourn"]
[EventRounds "11"]
[EventCountry "FRA"]
[SourceTitle "EXT 2006"]
[Source "ChessBase"]
[SourceDate "2005.11.24"]
[SourceVersion "1"]
[SourceVersionDate "2005.11.24"]
[SourceQuality "1"]
[WhiteTeam "Evry III"]
[BlackTeam "Bordeaux ASPOM"]
[WhiteTeamCountry "FRA"]
[BlackTeamCountry "FRA"]

1. e4 c5 2. Nf3 d6 3. Nc3 a6 4. g3 Nc6 5. Bg2 Nf6 6. d3 e6 7. 0-0 Be7 8. h4 0-0 9. Ne2 Qc7 10. Ng5 d5 11. exd5 Nxd5 12. Nf4 Nxf4 13. Bxf4 e5 14. Be3 Nd4 15. Be4 Bf5 16. Bxd4 Bxe4 17. Bxc5 Bc6 18. Bxe7 Qxe7 19. Qe2 h6 20. Nf3 Rae8 21. Rae1 Qb4 22. c4 e4 23. Qd2 Qxd2 24. Nxd2 exd3 25. f4 Bd7 26. Kf2 Bg4 27. Rxe8 Rxe8 28. Re1 Be2 29. Rc1 Bg4 30. Re1 Be2 31. b4 Rc8 32. Rc1 f6 33. c5 g5 34. hxg5 fxg5 35. Rc4 gxf4 36. Rxf4 Rf8 37. Rxf8+ Kxf8 38. Ke3 Ke7 39. Nb3 Kd7 40. Nc1 d2 41. Kxd2 Bb5 42. Nb3 Bf1 43. Ke3 Ke6 44. Na5 Bg2 45. a3 Bd5 46. Kd4 Bg2 47. Nc4 h5 48. Ne5 Kf5 49. a4 Ke6 50. b5 axb5 51. axb5 Bd5 52. b6 Bg2 53. c6 bxc6 54. Kc5 1-0

[Event "FRA-chT2A 0506"]
[Site "France"]
[Date "2005.12.04"]
[Round "4.6"]
[White "Renault, Jerome"]
[Black "Fortuit, Nicolas"]
[Result "0-1"]
[WhiteElo "2159"]
[BlackElo "2054"]
[PlyCount "62"]
[EventDate "2005.10.27"]
[EventType "team-tourn"]
[EventRounds "11"]
[EventCountry "FRA"]
[SourceTitle "EXT 2006"]
[Source "ChessBase"]
[SourceDate "2005.11.24"]
[SourceVersion "1"]
[SourceVersionDate "2005.11.24"]
[SourceQuality "1"]
[WhiteTeam "Saint Lo"]
[BlackTeam "Evry III"]
[WhiteTeamCountry "FRA"]
[BlackTeamCountry "FRA"]

1. d4 Nf6 2. c4 e6 3. Nf3 d5 4. Nc3 c6 5. a4 Bb4 6. e3 Nbd7 7. Bd2 0-0 8. Bd3 Qa5 9. 0-0 dxc4 10. Bxc4 e5 11. Qb3 exd4 12. exd4 Bxc3 13. Bxc3 Qh5 14. Bb4 c5 15. Ba3 b6 16. Rfe1 Bb7 17. dxc5 Nxc5 18. Bxc5 Qxc5 19. Rac1 Bd5 20. Bxd5 Qxd5 21. Qc3 Rfe8 22. h3 h6 23. Qc7 Ne4 24. Rcd1 Qc5 25. Qxc5 Nxc5 26. Rd4 Rad8 27. Rxe8+ Rxe8 28. Kf1 Kf8 29. Ne1 Nb3 30. Rd7 Re4 31. a5 Ke8 0-1

[Event "Marseille op"]
[Site "Marseille"]
[Date "2003.12.28"]
[Round "3"]
[White "Fortuit, Nicolas"]
[Black "Petrossian, Armen"]
[Result "1/2-1/2"]
[WhiteElo "2031"]
[BlackElo "2295"]
[PlyCount "63"]
[EventDate "2003.12.26"]
[EventType "swiss"]
[EventRounds "9"]
[EventCountry "FRA"]
[SourceTitle "CBM 097 Extra"]
[Source "ChessBase"]
[SourceDate "2004.01.13"]
[SourceVersion "1"]
[SourceVersionDate "2004.01.13"]
[SourceQuality "1"]

1. e4 c5 2. Nf3 Nc6 3. d4 cxd4 4. Nxd4 Nf6 5. Nc3 e6 6. Bc4 Qc7 7. Bb3 a6 8. a3 Nxe4 9. Nxe4 Qe5 10. 0-0 Qxe4 11. Nf3 Be7 12. Re1 Qf5 13. c3 d5 14. Bc2 Qh5 15. Bf4 0-0 16. Qd2 Bd7 17. Rad1 Rad8 18. Bc7 Rc8 19. Bb6 Bd6 20. c4 Ne7 21. b3 Rfe8 22. Ba5 Bb8 23. Bb4 Bc6 24. c5 Ng6 25. Bc3 e5 26. Qg5 Qxg5 27. Nxg5 e4 28. b4 f5 29. Bb3 Nf4 30. g3 Nd3 31. Re3 f4 32. Rxe4 1/2-1/2

[Event "FRA-chT2"]
[Site "France"]
[Date "2002.01.19"]
[Round "5"]
[White "Fortuit, Nicolas"]
[Black "Prost, Frederic"]
[Result "0-1"]
[WhiteElo "2040"]
[BlackElo "2116"]
[PlyCount "118"]
[EventDate "2002.??.??"]
[EventType "team-tourn"]
[EventRounds "11"]
[EventCountry "FRA"]
[SourceTitle "EXT 2003"]
[Source "ChessBase"]
[SourceDate "2002.11.25"]
[SourceVersion "1"]
[SourceVersionDate "2002.11.25"]
[SourceQuality "1"]

1. e4 g6 2. d4 Bg7 3. Nc3 c6 4. Be3 d5 5. Qd2 Nf6 6. e5 Ng4 7. Bf4 h5 8. h3 Nh6 9. 0-0-0 Qa5 10. Nf3 Na6 11. Kb1 Nc7 12. Ng5 Ne6 13. Nxe6 Bxe6 14. Be2 0-0-0 15. b3 f6 16. exf6 exf6 17. Rhe1 Bf7 18. g4 g5 19. Bg3 Bf8 20. Na4 Qxd2 21. Rxd2 hxg4 22. hxg4 Bg6 23. Kb2 b6 24. f3 Nf7 25. Bf1 Bd6 26. Ba6+ Kd7 27. Rde2 Rde8 28. Bxd6 Rxe2 29. Rxe2 Nxd6 30. c4 dxc4 31. bxc4 Bd3 32. Re1 Bxc4 33. Bxc4 Nxc4+ 34. Kc3 Nd6 35. Kd3 Nb5 36. Re2 Rh1 37. Nb2 Nc7 38. Rd2 Nd5 39. Nd1 Re1 40. Kc2 Kd6 41. Rf2 Ne3+ 42. Nxe3 Rxe3 43. f4 Re4 44. fxg5 fxg5 45. Rf6+ Kc7 46. Rf7+ Kb8 47. Kd3 Rxg4 48. Rg7 Rg2 49. Ke4 Rxa2 50. Rxg5 Re2+ 51. Kd3 Re7 52. Rg6 Kc7 53. Kc4 Rd7 54. Rg4 a5 55. Kc3 b5 56. Rh4 Rg7 57. Rh3 Kb6 58. Rf3 Rg2 59. Rd3 b4+ 0-1

[Event "FRA-ch op-A"]
[Site "Marseille"]
[Date "2001.08.14"]
[Round "1"]
[White "Delaire, Eric"]
[Black "Fortuit, Nicolas"]
[Result "0-1"]
[WhiteElo "1910"]
[BlackElo "2060"]
[PlyCount "26"]
[EventDate "2001.08.13"]
[EventType "swiss"]
[EventRounds "11"]
[EventCountry "FRA"]
[SourceTitle "EXT 2002"]
[Source "ChessBase"]
[SourceDate "2001.11.25"]
[SourceVersion "1"]
[SourceVersionDate "2001.11.25"]
[SourceQuality "1"]

1. e4 c5 2. Nf3 a6 3. c3 e6 4. d4 d5 5. e5 Nc6 6. Bd3 Qb6 7. 0-0 Bd7 8. Bc2 Rc8 9. b3 cxd4 10. cxd4 Nb4 11. Na3 Ne7 12. Be3 Qa5 13. Bc1 Nxc2 0-1

[Event "Provence-ch Majeur op 9899"]
[Site "France"]
[Date "1999.??.??"]
[Round "5"]
[White "Hileyan, Michel"]
[Black "Fortuit, Nicolas"]
[Result "1/2-1/2"]
[WhiteElo "1850"]
[BlackElo "2055"]
[PlyCount "69"]
[EventDate "1998.??.??"]
[EventType "swiss"]
[EventRounds "9"]
[EventCountry "FRA"]
[SourceTitle "EXT 2005"]
[Source "ChessBase"]
[SourceDate "2004.11.15"]
[SourceVersion "1"]
[SourceVersionDate "2004.11.15"]
[SourceQuality "1"]

1. Nf3 c5 2. g3 g6 3. Bg2 Bg7 4. e4 Nc6 5. d3 d6 6. h3 Rb8 7. 0-0 e6 8. c3 Nge7 9. Be3 0-0 10. Qd2 b5 11. Bh6 b4 12. Bxg7 Kxg7 13. Qc2 a5 14. Nbd2 Ba6 15. Rfe1 a4 16. Bf1 Qa5 17. a3 bxc3 18. bxc3 d5 19. Rab1 Rfc8 20. Rxb8 Rxb8 21. Rb1 Rxb1 22. Nxb1 dxe4 23. dxe4 Bxf1 24. Kxf1 Qb5+ 25. Kg2 Na5 26. Nbd2 Nb3 27. c4 Qb7 28. Nb1 Nd4 29. Nxd4 cxd4 30. Nd2 Qd7 31. f4 f6 32. Nf3 d3 33. Qd2 Qd6 34. c5 Qxc5 35. Qxd3 1/2-1/2

[Event "Provence-ch Majeur op 9899"]
[Site "France"]
[Date "1998.??.??"]
[Round "1"]
[White "Piat, Jerome P"]
[Black "Fortuit, Nicolas"]
[Result "1/2-1/2"]
[WhiteElo "1830"]
[BlackElo "2055"]
[PlyCount "111"]
[EventDate "1998.??.??"]
[EventType "swiss"]
[EventRounds "9"]
[EventCountry "FRA"]
[SourceTitle "EXT 2005"]
[Source "ChessBase"]
[SourceDate "2004.11.15"]
[SourceVersion "1"]
[SourceVersionDate "2004.11.15"]
[SourceQuality "1"]

1. d4 Nf6 2. c4 e6 3. Nf3 b6 4. g3 Bb7 5. Bg2 Be7 6. 0-0 0-0 7. Nc3 d5 8. Ne5 Nbd7 9. cxd5 exd5 10. Bg5 Ne4 11. Bxe7 Qxe7 12. Nd3 Rfe8 13. e3 Ndf6 14. Rc1 c6 15. Re1 Nxc3 16. Rxc3 Ne4 17. Rc2 Rad8 18. Qc1 Rd6 19. Ne5 c5 20. dxc5 bxc5 21. Nf3 Qf6 22. b4 c4 23. Nd4 h5 24. Nb5 Rb6 25. Nc3 Nxc3 26. Rxc3 Rxb4 27. e4 Qe6 28. Qe3 Qb6 29. Qc1 Rb2 30. Rc2 Rxc2 31. Qxc2 Qc7 32. Rc1 dxe4 33. Qxc4 Qxc4 34. Rxc4 e3 35. fxe3 Bxg2 36. Kxg2 Rxe3 37. Ra4 Re7 38. Kf3 Rd7 39. Ra5 g6 40. h4 Kf8 41. Ke4 Ke7 42. Ra6 Ke8 43. Ke3 Kd8 44. Ke4 Kc8 45. Ke5 Kb7 46. Rd6 Kc7 47. Ra6 Kd8 48. Kf6 Ke8 49. Rc6 Rd5 50. Kg7 g5 51. Rc7 gxh4 52. gxh4 Ra5 53. Rxf7 Rxa2 54. Rf5 a5 55. Rxh5 a4 56. Ra5 1/2-1/2